| 000 | 00331nam a2200133Ia 4500 | ||
|---|---|---|---|
| 005 | 20251222153523.0 | ||
| 008 | 251222s9999||||xx |||||||||||||| ||spa|| | ||
| 082 | _a612/C17 | ||
| 100 | _aCalais-Germain, Blandine | ||
| 245 | 0 | _aAnatomÃa para el Movimiento | |
| 250 | _a1ra.ed. | ||
| 264 | _bBlandine Calais-Germain | ||
| 942 | _cLIB | ||
| 999 |
_c29810 _d29810 |
||